<?xml version="1.0" encoding="UTF-8"?>
<record
    xmlns:xsi="http://www.w3.org/2001/XMLSchema-instance"
    xsi:schemaLocation="http://www.loc.gov/MARC21/slim http://www.loc.gov/standards/marcxml/schema/MARC21slim.xsd"
    xmlns="http://www.loc.gov/MARC21/slim">

  <leader>00428nam a2200157Ia 4500</leader>
  <controlfield tag="008">230718s9999    xx            000 0 und d</controlfield>
  <datafield tag="041" ind1=" " ind2=" ">
    <subfield code="a">eng</subfield>
  </datafield>
  <datafield tag="082" ind1=" " ind2=" ">
    <subfield code="a">629.8'3</subfield>
    <subfield code="b">AGA</subfield>
  </datafield>
  <datafield tag="100" ind1=" " ind2=" ">
    <subfield code="a">Agashe S.S.</subfield>
  </datafield>
  <datafield tag="245" ind1=" " ind2=" ">
    <subfield code="a">Textbook Of Industrial Automation</subfield>
  </datafield>
  <datafield tag="260" ind1=" " ind2=" ">
    <subfield code="c">1999</subfield>
    <subfield code="b">Technova</subfield>
  </datafield>
  <datafield tag="300" ind1=" " ind2=" ">
    <subfield code="a">238</subfield>
    <subfield code="d">Ref 250 I (12283), Ref 408 I (18731)</subfield>
  </datafield>
  <datafield tag="365" ind1=" " ind2=" ">
    <subfield code="c">Rs.</subfield>
    <subfield code="b">150.00</subfield>
  </datafield>
  <datafield tag="700" ind1=" " ind2=" ">
    <subfield code="a">Agashe S.S.</subfield>
  </datafield>
  <datafield tag="906" ind1=" " ind2=" ">
    <subfield code="d">B:861103-Aug-2001</subfield>
    <subfield code="c">INST</subfield>
    <subfield code="b">22.5</subfield>
  </datafield>
  <datafield tag="999" ind1=" " ind2=" ">
    <subfield code="c">301076</subfield>
    <subfield code="d">301076</subfield>
  </datafield>
  <datafield tag="952" ind1=" " ind2=" ">
    <subfield code="0">1</subfield>
    <subfield code="1">0</subfield>
    <subfield code="4">0</subfield>
    <subfield code="7">0</subfield>
    <subfield code="a">CCEP</subfield>
    <subfield code="b">CCEP</subfield>
    <subfield code="d">2001-02-02</subfield>
    <subfield code="e">Pradeep Book Distributors</subfield>
    <subfield code="f">INST</subfield>
    <subfield code="g">127.50</subfield>
    <subfield code="i">8611</subfield>
    <subfield code="o">629.8'3</subfield>
    <subfield code="p">CCEP-BK-12282</subfield>
    <subfield code="r">2023-07-18 00:00:00</subfield>
    <subfield code="t">22.5</subfield>
    <subfield code="v">150.00</subfield>
    <subfield code="w">2001-08-03</subfield>
    <subfield code="y">BK</subfield>
    <subfield code="z">012282</subfield>
  </datafield>
</record>
